[Event "Vienna Husek op-B"]
[Site "Vienna"]
[Date "2012.08.18"]
[Round "6"]
[White "Andrejevski, Branko"]
[Black "Gibicar, Miran"]
[Result "1-0"]
[WhiteElo "1929"]
[BlackElo "1669"]
[PlyCount "49"]
[EventDate "2012.08.13"]
[EventType "swiss"]
[EventRounds "7"]
[EventCountry "AUT"]
[SourceTitle "EXT 2014"]
[Source "ChessBase"]
[SourceDate "2013.11.20"]
[SourceVersion "1"]
[SourceVersionDate "2013.11.20"]
[SourceQuality "1"]

1. d4 Nf6 2. c4 g6 3. Nc3 Bg7 4. e4 d6 5. f3 0-0 6. Be3 a6 7. Bd3 Nbd7 8. Nge2 c5 9. b3 Qa5 10. 0-0 b5 11. cxb5 axb5 12. Bxb5 Ba6 13. Bxa6 Rxa6 14. Na4 Rd8 15. Rb1 Raa8 16. Qd3 Nb6 17. Nxb6 Qxb6 18. a4 Nd7 19. Rfd1 h5 20. Nc3 Rac8 21. Nd5 Qa7 22. Nxe7+ Kh7 23. Nxc8 Rxc8 24. dxc5 Nxc5 25. Qxd6 1-0

[Event "Vienna Husek op-B"]
[Site "Vienna"]
[Date "2012.08.16"]
[Round "4"]
[White "Pilch, Franz"]
[Black "Andrejevski, Branko"]
[Result "1-0"]
[WhiteElo "1844"]
[BlackElo "1929"]
[PlyCount "107"]
[EventDate "2012.08.13"]
[EventType "swiss"]
[EventRounds "7"]
[EventCountry "AUT"]
[SourceTitle "EXT 2014"]
[Source "ChessBase"]
[SourceDate "2013.11.20"]
[SourceVersion "1"]
[SourceVersionDate "2013.11.20"]
[SourceQuality "1"]

1. e4 e5 2. Nf3 Nf6 3. Nc3 Nc6 4. d4 exd4 5. Nxd4 Bb4 6. Nxc6 bxc6 7. Bd3 0-0 8. 0-0 h6 9. Ne2 d5 10. e5 Ng4 11. Bf4 Re8 12. c3 Bc5 13. Nd4 Bd7 14. Re1 f6 15. e6 Nxf2 16. Kxf2 Bxe6 17. Kf1 Bxd4 18. cxd4 Qe7 19. Qh5 Qf7 20. Bg6 Qd7 21. Re3 Rf8 22. Rae1 Rae8 23. Bxe8 Rxe8 24. Qg6 Kf8 25. b4 Bf7 26. Rxe8+ Bxe8 27. Rxe8+ Qxe8 28. Qxe8+ Kxe8 29. Bxc7 Kd7 30. Bb8 a6 31. Ke2 Ke6 32. Ke3 Kf5 33. h3 g6 34. g4+ Ke6 35. h4 g5 36. h5 Kd7 37. Bg3 Ke6 38. Bc7 Kd7 39. Bb6 Ke6 40. Bc5 Kf7 41. Bd6 Ke8 42. Ke2 Kf7 43. Kd3 Ke8 44. Kc3 Kf7 45. Kb3 f5 46. gxf5 Kf6 47. Ka4 Kxf5 48. Ka5 g4 49. Kb6 Kg5 50. Kxc6 Kxh5 51. Kxd5 Kg5 52. Ke5 h5 53. Be7+ Kg6 54. Bh4 1-0

[Event "Vienna Husek op-B"]
[Site "Vienna"]
[Date "2012.08.13"]
[Round "1"]
[White "Maienschein, Sarah"]
[Black "Andrejevski, Branko"]
[Result "0-1"]
[WhiteElo "1728"]
[BlackElo "1929"]
[PlyCount "44"]
[EventDate "2012.08.13"]
[EventType "swiss"]
[EventRounds "7"]
[EventCountry "AUT"]
[SourceTitle "EXT 2014"]
[Source "ChessBase"]
[SourceDate "2013.11.20"]
[SourceVersion "1"]
[SourceVersionDate "2013.11.20"]
[SourceQuality "1"]

1. e4 e5 2. Nc3 Nc6 3. f4 exf4 4. Nf3 Be7 5. Bc4 d6 6. 0-0 Ne5 7. Nxe5 dxe5 8. d3 h5 9. g3 g5 10. gxf4 gxf4 11. Kh1 Bg4 12. Qd2 Nh6 13. Nd5 Bd6 14. b3 c6 15. Nc3 b5 16. Nxb5 cxb5 17. Bxb5+ Kf8 18. Bb2 Qe7 19. Rxf4 exf4 20. Bxh8 Bf3+ 21. Kg1 Qg5+ 22. Kf1 Qxb5 0-1

[Event "Vienna Kavalier op 4th"]
[Site "Vienna"]
[Date "2009.10.31"]
[Round "3"]
[White "Andrejevski, Branko"]
[Black "Sandhoefner, Florian"]
[Result "0-1"]
[WhiteElo "1983"]
[BlackElo "2200"]
[PlyCount "66"]
[EventDate "2009.10.29"]
[EventType "swiss"]
[EventRounds "5"]
[EventCountry "AUT"]
[SourceTitle "EXT 2010"]
[Source "ChessBase"]
[SourceDate "2010.11.25"]
[SourceVersion "1"]
[SourceVersionDate "2010.11.25"]
[SourceQuality "1"]

1. d4 Nf6 2. Nf3 g6 3. c3 Bg7 4. Bg5 0-0 5. e3 d6 6. Bd3 Nbd7 7. e4 e5 8. d5 h6 9. Bxf6 Bxf6 10. h3 Bg7 11. Na3 f5 12. Nd2 Nc5 13. Bc2 Qg5 14. g3 a5 15. Qe2 c6 16. 0-0-0 cxd5 17. exd5 Bd7 18. Nb5 Qe7 19. g4 e4 20. f3 e3 21. Kb1 Bxb5 22. Qxb5 exd2 23. Rxd2 Qd7 24. Qf1 b5 25. gxf5 gxf5 26. Rg1 b4 27. Rdg2 Rf7 28. Rg6 bxc3 29. Rxh6 Rb8 30. b3 Qa4 31. Qg2 Qd4 32. Rg6 a4 33. Bxf5 c2+ 0-1